000 00766nam a2200229 a 4500
001 63509
003 BD-RjUL
005 20211209081215.0
008 170130s2004 bg ||||| |||| 00| 0 ben d
020 _a9848599002
_c: TK 60.00
035 _a(BD-RjUL)63638
040 _aBD-RjUL
_bben
_cBD-RjUL
041 _aben
082 _223
_a891.441
_bMAE 2004
100 _aমাহমুদ, অনীক
_9171024
245 1 0 _aএইসব ভায়াবহ আরতি /
_cঅনীক মাহমুদ
260 _aঢাকা :
_bপরী প্রকাশন,
_c২০০৪
300 _a৬৪ পৃ. ;
_c২১ সেমি.
650 _aবাংলা কবিতা
_9179513
650 _aBengali poetry
_9179514
942 _2ddc
_cBK
999 _c63509
_d63509